000 00370nam a22001337a 4500
005 20200610093123.0
008 200610b xxu||||| |||| 00| 0 eng d
082 _a345.4
110 _aALL INDIA REPORTER,
_95884
245 _aALL INDIA REPORTER, 2010 (VOL-97). HIMACHAL PRADESH SECTION
260 _aMUMBAI
_bALL INDIA REPORTER,PVT. LTD.
300 _a192;p
942 _cJRL
999 _c6946
_d6944